000 01637cam a2200385 a 4500
001 EDZ0000085150
003 StDuBDS
005 20161031105200.0
006 m||||||||d||||||||
007 cr |||||||||||
008 120516s1996 cau fo| 000|0|eng|d
020 _a9781452231570 (ebook) :
_cNo price
040 _aStDuBDS
_beng
_cStDuBDS
_epn
049 _aAlfaisal Main Library
050 0 _aLB1778.2
_b.R59 1996
082 0 4 _a378.120973
_223
245 0 0 _aRhythms of academic life
_h[electronic resource] :
_bpersonal accounts of careers in academia /
_cPeter J. Frost, M. Susan Taylor, editors.
260 _aThousand Oaks, Calif. ;
_aLondon :
_bSAGE,
_cc1996.
300 _a1 online resource (xvi, 518 p.).
490 1 _aFoundations for organizational science
520 8 _aThis invaluable compendium offers guidance, support and advice for those contemplating or involved in academic careers. The contributors provide rich, personal and often humerous accounts of shared and unique experiences in the world of academia.
521 _aSpecialized.
588 _aDescription based on print version record.
504 _aIncludes bibliographical references.
650 0 _aCollege teachers
_zUnited States.
650 0 _aCollege teaching
_zUnited States.
655 7 _aElectronic books.
_2local
700 1 _aFrost, Peter J.
700 1 _aTaylor, M. Susan.
710 2 _aSage eBooks
776 0 8 _iPrint version :
_z9780803972636
830 0 _aFoundations for organizational science.
856 4 0 _uhttp://ezproxy.alfaisal.edu/login?url=http://sk.sagepub.com/books/rhythms-of-academic-life
942 _2lcc
_cEBOOKS
999 _c481128
_d481128